Регионална библиотека "Любен Каравелов" - Русе

Икономика на здравеопазването (Запис номер 104595)

MARC детайли
000 -Лидер
Контролно поле с фиксирана дължина 01218nam a2200337 c 4500
003 - Код на организацията, давaща контролен номер
Контролно поле BLK
005 - Дата и час на последна редакция
Контролно поле 20180422105615.0
008 - Елементи от данни с фиксирана дължина
fixed length control field 180409b bul|||||r ||||||| ||bul||
010 ## - Наследен системен номер
LC control number KNG00109703000
020 ## - Международен стандартен номер на книга ISBN
Международен стандартен номер на книга ISBN 954-8067-74-9
-- издат.: Princeps
040 ## - Източник на каталожния запис
Идентификатор на билиотеката - собственик на записа BLK
041 ## - Код за език
Код за езика на текст/звукозапис или на отделно заглавие Български
Код за езика КДБФ Български
080 ## - УДК
Текстов определител УДК Организация на здравеопазването. Вж и 178; 340.6; 351.77; 361/362
УДК код - определител по УДК 614.2
УДК определител .003(035)
УДК - код + определител 614.2.003(035)
100 1# - Редна дума - Автор
Автор Гладилов, Стефан
Авторска отговорност първи автор
R(LIN) 366577
139 ## - Редно поле
Редна дума Гладилов, Стефан и др.
Авторски знак Глад - Г 53
245 10 - Сведения за заглавието
Заглавие Икономика на здравеопазването
Редно поле (дума) Стефан Гладилов; съавт. Евгения Делчева.
250 ## - Област на изданието
Сведения за изданието 3. изд.
257 ## - Страна на издаване
Страна на създаване/издаване България
260 ## - Област на издателските данни
-- София
Име на издателя, разпространителя и проч. Princeps
Година на издаване 2003
300 ## - Физическа характеристика
Страници 398 с.
Размери/Мащаб 24 см
380 ## - Жанр
Жанр Медицина
650 #4 - Допълнително описание по предмет – тема
Основно описание – тема или топоним Здравеопазване - икономика
9 (RLIN) 248653
653 ## - Ключова дума – ненормативна
Ключова дума здравеопазване
653 ## - Ключова дума – ненормативна
Ключова дума икономика
700 1# - Други автори (авторска отговорност)
Лично име Делчева, Евгения
Автороска отговорност (Описва отношението между автора и произведението) съавт.
9 (RLIN) 304841
852 ## - Местоположение
Форматна сигнатура Цб 217184
856 4# - Електронен адрес и достъп
Електронен формат pdf - файл
Път до файла /url/
856 4# - Електронен адрес и достъп
Електронен формат pdf - файл
Път до файла /url/
942 ## - АРТИКУЛИ
Вид на библиотечния материал Книги
Скрит в OPAC Не
944 ## - СЪЗДАВАНЕ И РЕДАКЦИЯ на ЗАПИСА
Създаване/Редакция Създаване
Дата на регистрацията/редакция 16.12.2003
Служител, извършил регистрацията/редакцията Кети_Илиева
944 ## - СЪЗДАВАНЕ И РЕДАКЦИЯ на ЗАПИСА
Създаване/Редакция Редакция
Дата на регистрацията/редакция 30.10.2006
Служител, извършил регистрацията/редакцията
999 ## - СИСТЕМНИ КОНТРОЛНИ НОМЕРА
Koha biblionumber 104595
Koha biblioitemnumber 104595
Наличности
Код за отписване Код за изгубен артикул Код за повреда Коз за рестрикции Код за отдаване Артикулен № Име на библиотеката - собственик Име на библиотеката, в която се намира в момента Статус (Текущо местоположение) Дата на вписване в системата Местоположение - отдел Цена в лева Инвентарен номер Систематично азбучна сигнатура Баркод Номер на екземпляра Цена в евро Служебна бележка Служебен тип на артикула
  Не е изгубен Не е повреден без рестрикции ползва се в читалня 168965 Регионална библиотека "Любен Каравелов" Русе Регионална библиотека "Любен Каравелов" Русе Читалня 2003-12-16 Читалня 13.90 120000681034 Ч 614/Г 53 120000681034 1 7.11 Дост: Pk Вид: Ф N: 8 Дата: 16.12.2003 Дата инв: 17.03.2017 Бележки инв: Ч2017 Книги
  Не е изгубен Не е повреден без рестрикции ползва се в читалня 168966 Регионална библиотека "Любен Каравелов" Русе Регионална библиотека "Любен Каравелов" Русе Хранилище 2004-10-14 Хранилище 0.00 120000689252 Цб 217184 120000689252 2 0.00 Дост: Dp Вид: Д N: 49 Дата: 26.11.2003 Книги
Vip Innovations Ltd, Rousse, Bulgaria 2025